| 000 | 02005nam a2200469 c 4500 | ||
|---|---|---|---|
| 999 |
_c168344 _d168344 |
||
| 003 | BLK | ||
| 005 | 20240313113859.0 | ||
| 008 | 180411b bul|||||r ||||||| ||bul|| | ||
| 010 | _aKNG00176228000 | ||
| 020 | _a978-954-625-967-7 | ||
| 040 | _aBLK | ||
| 041 |
_aBUL _cBUL |
||
| 072 | 7 |
_2bullib _aН86 _xДетска отраслова литература Н |
|
| 080 |
_aСредства на водния транспорт. Плавателни съдове. Корабостроене _b629.12 _x(091)(02.053.2) _z629.12(091)(02.053.2) |
||
| 080 |
_aКораби с платна _b629.123.1 _x(02.053.2) _z629.123.1(02.053.2) |
||
| 100 | 1 |
_aТрухильо, Едуардо _eпърви автор _9275633 |
|
| 139 |
_aТрухильо, Едуардо _bТ 87 |
||
| 245 | 1 | 0 |
_aКорабите в миналото _cЕдуардо Трухильо; ил. Ф. Валиенте; прев. Дафинка Владимирова Иванова-Пламенова. |
| 257 | _aSPA | ||
| 260 |
_bФют _c2014 _fотпеч. в Испания |
||
| 300 |
_a29 с. _bс цв. ил. _c29 см |
||
| 380 | _aDN | ||
| 490 |
_aПрочети и научи! Потърси и намери! _9207731 |
||
| 500 | _aОриг. загл. Busca en los barcos antiguos. | ||
| 650 | 4 |
_aКораби _9159349 |
|
| 650 | 4 |
_aКорабоплаване - история _9304558 |
|
| 653 | _aкораби | ||
| 653 | _aкорабоплаване | ||
| 653 | _aистория | ||
| 653 | _aлитература за деца | ||
| 653 | _aдетска литература | ||
| 659 | _aН | ||
| 700 | 1 |
_aВалиенте, Ф. _eил. _9275634 |
|
| 700 | 1 |
_aИванова-Пламенова, Дафинка Владимирова _eпрев. _9275635 |
|
| 852 | _aЦб ІІ 20297 | ||
| 856 | 4 | _qpdf | |
| 856 | 4 | _qpdf | |
| 942 |
_cKNG _n0 _012 _s1 |
||
| 944 |
_aCR _c02.06.2015 _lБояна Костадинова _k30551 |
||
| 944 |
_aED _c29.01.2016 _lф / _kЛюдмила_Стоянова |
||
| 999 | _d168344 | ||